Eastern Utah Libraries Catalog: Duchesne, Heber, Roosevelt, & Vernal

The Mothman prophecies (Record no. 26405)

MARC details
000 -LEADER
fixed length control field 02058cgm a2200553Ma 4500
001 - CONTROL NUMBER
control field ocn410070879
003 - CONTROL NUMBER IDENTIFIER
control field OCoLC
005 - DATE AND TIME OF LATEST TRANSACTION
control field 20241220112822.0
008 - FIXED-LENGTH DATA ELEMENTS--GENERAL INFORMATION
fixed length control field 040712s2001 cau119 vleng d
040 ## - CATALOGING SOURCE
Original cataloging agency CNVPL
Transcribing agency CNVPL
Modifying agency OCLCQ
-- UINTA
020 ## - INTERNATIONAL STANDARD BOOK NUMBER
International Standard Book Number 0767881958
020 ## - INTERNATIONAL STANDARD BOOK NUMBER
International Standard Book Number 9780767881951
024 1# - OTHER STANDARD IDENTIFIER
Standard number or code 043396078086
028 00 - PUBLISHER NUMBER
Publisher number 07808
035 ## - SYSTEM CONTROL NUMBER
System control number (OCoLC)410070879
041 1# - LANGUAGE CODE
Language code of text/sound track or separate title eng
Language code of summary or abstract/overprinted title or subtitle frespa
Language code of sung or spoken text fre
082 ## - DEWEY DECIMAL CLASSIFICATION NUMBER
Classification number FIC
Item number Mothm
049 ## - LOCAL HOLDINGS (OCLC)
Holding library UCLB
082 ## - DEWEY DECIMAL CLASSIFICATION NUMBER
Classification number 791.437
092 ## - LOCALLY ASSIGNED DEWEY CALL NUMBER (OCLC)
Classification number 791.437
245 04 - TITLE STATEMENT
Title The Mothman prophecies
Medium [videorecording (DVD)] /
Statement of responsibility, etc Screen Gems ; directed by Mark Pellington.
260 ## - PUBLICATION, DISTRIBUTION, ETC. (IMPRINT)
Place of publication, distribution, etc Culver City CA :
Name of publisher, distributor, etc Columbia TriStar Home Entertainment,
Date of publication, distribution, etc 2001.
300 ## - PHYSICAL DESCRIPTION
Extent 1 videodisc (119 min.) :
Other physical details digital, sd., col. ;
Dimensions 12 cm.
500 ## - GENERAL NOTE
General note Information from container.
500 ## - GENERAL NOTE
General note Widescreen and fullscreen presentation.
505 0# - FORMATTED CONTENTS NOTE
Formatted contents note Half Light" music video directed by Mark Pellington -- Theatrical trailer -- Production notes.
508 ## - CREATION/PRODUCTION CREDITS NOTE
Creation/production credits note Based on the book by John A. Keel.
511 1# - PARTICIPANT OR PERFORMER NOTE
Participant or performer note Richard Gere, Laura Linney, Will Patton.
520 ## - SUMMARY, ETC.
Summary, etc After the death of his wife, a journalist becomes obsessed with the idea that a "moth-like" supernatural being can predict impending disasters.
521 8# - TARGET AUDIENCE NOTE
Target audience note OFRB rating: 14A.
538 ## - SYSTEM DETAILS NOTE
System details note DVD.
540 ## - TERMS GOVERNING USE AND REPRODUCTION NOTE
Terms governing use and reproduction For private home use only.
546 ## - LANGUAGE NOTE
Language note In English dubbed in French with French and Spanish.
546 ## - LANGUAGE NOTE
Language note Closed captioned for the hearing impaired.
650 #0 - SUBJECT ADDED ENTRY--TOPICAL TERM
Topical term or geographic name as entry element Feature films.
9 (RLIN) 6126014
650 #0 - SUBJECT ADDED ENTRY--TOPICAL TERM
Topical term or geographic name as entry element Films for the hearing impaired.
9 (RLIN) 82528
650 #0 - SUBJECT ADDED ENTRY--TOPICAL TERM
Topical term or geographic name as entry element Unidentified flying objects
Form subdivision Drama.
9 (RLIN) 5796386
650 #0 - SUBJECT ADDED ENTRY--TOPICAL TERM
Topical term or geographic name as entry element Supernatural in motion pictures.
9 (RLIN) 92330
700 1# - ADDED ENTRY--PERSONAL NAME
Personal name Keel, John A.,
Dates associated with a name 1930-
9 (RLIN) 3690
700 1# - ADDED ENTRY--PERSONAL NAME
Personal name Pellington, Mark,
Dates associated with a name 1962-
9 (RLIN) 6126015
700 1# - ADDED ENTRY--PERSONAL NAME
Personal name Linney, Laura.
9 (RLIN) 76577
700 1# - ADDED ENTRY--PERSONAL NAME
Personal name Gere, Richard,
Dates associated with a name 1949-
9 (RLIN) 26703
700 1# - ADDED ENTRY--PERSONAL NAME
Personal name Patton, Will.
9 (RLIN) 37394
710 2# - ADDED ENTRY--CORPORATE NAME
Corporate name or jurisdiction name as entry element Screen Gems.
9 (RLIN) 39689
710 2# - ADDED ENTRY--CORPORATE NAME
Corporate name or jurisdiction name as entry element Columbia TriStar Home Entertainment (Firm)
9 (RLIN) 66838
942 ## - ADDED ENTRY ELEMENTS (KOHA)
Koha item type DVD
994 ## -
-- C0
-- UINTA
998 ## - LOCAL CONTROL INFORMATION (RLIN)
-- a55012
Holdings
Withdrawn status Lost status Source of classification or shelving scheme Damaged status Not for loan Collection code Home library Current library Shelving location Date acquired Source of acquisition Cost, normal purchase price Total Checkouts Total Renewals Full call number Barcode Date last seen Date checked out Cost, replacement price Price effective from Koha item type
    Dewey Decimal Classification     Movies Wasatch County Library Wasatch County Library Audio Visual Area 01/20/2012 Amazon 14.95 52 6 DVD Mot 34301001058496 05/02/2025 04/18/2025 14.95 03/20/2020 DVD
This project was made possible through a grant from the Institute of Museum and Library Service administered by the Utah State Library Division.

Wasatch County Library

  • 465 East 1200 South, Heber City, Utah 84032
  • Phone 435-654-1511 | Fax 435-654-6456

Hours

  • Monday - Friday 9:30 AM - 8:00 PM
  • Saturday 9:30 AM - 1:30 PM
  • Closed Sundays and Holidays